00684nam a22001937a 450000500170000001000150001702000260003203500140005803700090007208200120008110000250009324500460011826000500016427000810021430000200029594200260031599900190034195201300036020240418154522.0 aENG-140202 c810.00a9789388604369 aEN-123734 bDBAD a954.082 aJha, Surendra964878 aInterpreting 18th Century/cSurendra Jha  aNew Delhi bAyushman Publication House c2019 a352/D-2 Ajeet Bhawan Munirka Near : JNU Main Gait New Delhi bDelhi e110067 a269p.c23cm(hb) 2ddccENmJHAh954.082 c202268d202268 001040708NFICaAVbAVd2024-04-18eDBADg810.00l0oJHA 954.082pEN-123734r2024-04-18 00:00:00t1v810.00w2024-04-18yEN